Band Lead Singers - Statistics

General Stats
  • This quiz has been taken 115 times
  • The average score is 17 of 30
Answer Stats
Hint Answer % Correct
The Rolling Stones Mick Jagger
97%
U2 Bono
92%
Nirvana Kurt Cobain
90%
Queen Freddie Mercury
86%
Aerosmith Steven Tyler
85%
The Jackson 5 Michael Jackson
84%
Guns N' Roses Axl Rose
83%
Coldplay Chris Martin
79%
Oasis Liam Gallagher
75%
The Black Eyed Peas (female) Fergie
72%
Pearl Jam Eddie Vedder
66%
Green Day Billie Joe Armstrong
65%
Metallica James Hetfield
63%
Soundgarden Chris Cornell
59%
R.E.M. Michael Stipe
59%
Radiohead Thom Yorke
58%
Red Hot Chili Peppers Anthony Kiedis
55%
AC/DC (present) Brian Johnson
52%
30 Seconds to Mars Jared Leto
46%
Iron Maiden Bruce Dickinson
45%
Evanescence Amy Lee
43%
The Killers Brandon Flowers
40%
Paramore Hayley Williams
34%
Rage Against the Machine Zack de La Rocha
32%
Nickelback Chad Kroeger
30%
System of a Down Serj Tankian
28%
Queens of the Stone Age Josh Homme
25%
A-Ha Morten Harket
20%
Faith No More Mike Patton
17%
OneRepublic Ryan Tedder
15%
No matching quizzes found
Score Distribution
Percent of People with Each Score
Percentile by Number Answered
Your Score History
You have not taken this quiz